| 000 | 00634nam a2200193 i 4500 | ||
|---|---|---|---|
| 001 | 74974 | ||
| 003 | ES-MaACL | ||
| 005 | 20230906172314.0 | ||
| 007 | t| | ||
| 008 | 040921q1927 sp |||| | spa d | ||
| 080 | _a821.161.1-31"19" | ||
| 100 | 1 |
_aGor'kiï, Maksim. _959128 |
|
| 245 | 1 | 3 |
_aLa desbandada _b: (la novela de la Revolución rusa) / _cMáximo Gorki (seud.) ; traducción de César A. Comet. |
| 260 |
_aMadrid : _bEDA, _c[1927?] ( _fHelénica) |
||
| 300 |
_a178 p. ; _c20 cm. |
||
| 651 | 4 |
_aRusia- _xHistoria- _y1917-1921, Revolución- _vNovelas. _9149224 |
|
| 700 | 1 |
_aComet, César A. _940002 |
|
| 852 |
_aES-MaACL _jD-5542 |
||
| 999 |
_c74974 _d74974 |
||